Loading...
| History - European | 0 | 6 | 0 | 1 | 60 | 22 | 68.50 | 0 | 1 | 19.89 | 24.51 |
| Current Events | 0 | 6 | 0 | 0 | 60 | 12 | 44.50 | 2 | 6 | 58.01 | 84.82 |
| History - Other | 0 | 6 | 0 | 1 | 60 | 43 | 76.50 | 2 | 2 | 16.10 | 28.57 |
| History - World | 0 | 5 | 1 | 0 | 45 | 25 | 44.60 | 1 | 5 | 26.30 | 34.09 |
| Religion | 0 | 4 | 1 | 1 | 35 | 58 | 76.50 | 0 | 0 | 11.03 | 14.77 |
| Social Science | 0 | 3 | 0 | 0 | 30 | 42 | 56.00 | 1 | 2 | 15.07 | 23.61 |
| Literature - World | 0 | 3 | 0 | 0 | 30 | 62 | 89.67 | 0 | 0 | 6.20 | 12.34 |
| Mythology | 0 | 3 | 0 | 1 | 30 | 26 | 62.67 | 1 | 2 | 12.27 | 18.34 |
| History - American | 0 | 3 | 1 | 2 | 25 | 57 | 85.33 | 0 | 1 | 4.01 | 10.23 |
| Literature - American | 0 | 2 | 0 | 0 | 20 | 50 | 76.00 | 0 | 2 | 6.34 | 13.47 |
| Science - Physics | 0 | 2 | 0 | 2 | 20 | 90 | 97.00 | 0 | 0 | 0.00 | 3.57 |
| Fine Arts - Other | 0 | 2 | 0 | 1 | 20 | 70 | 95.00 | 0 | 1 | 4.04 | 9.25 |
| Geography | 0 | 2 | 0 | 1 | 20 | 64 | 91.50 | 0 | 2 | 7.31 | 19.35 |
| Science - Chemistry | 0 | 1 | 0 | 0 | 10 | 98 | 98.00 | 0 | 0 | 0.00 | 1.14 |
| Philosophy | 0 | 1 | 0 | 1 | 10 | 115 | 115.00 | 0 | 0 | 0.00 | 1.79 |
| Literature - British | 0 | 1 | 0 | 0 | 10 | 66 | 66.00 | 0 | 1 | 3.83 | 7.95 |
| Literature - European | 0 | 1 | 0 | 0 | 10 | 84 | 84.00 | 0 | 0 | 2.83 | 6.82 |
| Fine Arts - Classical Music | 0 | 1 | 0 | 0 | 10 | 50 | 50.00 | 0 | 1 | 5.33 | 7.95 |
| Painting/Sculpture | 0 | 1 | 1 | 0 | 5 | 75 | 75.00 | 0 | 0 | 3.11 | 2.27 |
| Science - Other | 0 | 0 | 3 | 0 | -15 | 0.00 | 0 | 0 | 0.00 | 0.00 |